Welcome to CU Library Online Public Access Catalogue (OPAC)

Computers / (Record no. 720)

MARC details
000 -LEADER
fixed length control field 00646pam a2200229 a 4500
001 - CONTROL NUMBER
control field 616233
005 - DATE AND TIME OF LATEST TRANSACTION
control field 20241106151151.0
008 - FIXED-LENGTH DATA ELEMENTS--GENERAL INFORMATION
fixed length control field 920818s1993 njua 001 0 eng
020 ## - INTERNATIONAL STANDARD BOOK NUMBER
International Standard Book Number 013156241X
050 00 - LIBRARY OF CONGRESS CALL NUMBER
Classification number QA76.5
Item number .L654 1993
082 00 - DEWEY DECIMAL CLASSIFICATION NUMBER
Classification number 004
Edition information 20
100 1# - MAIN ENTRY--PERSONAL NAME
Personal name Long, Larry E.
245 10 - TITLE STATEMENT
Title Computers /
Statement of responsibility, etc. Larry Long, Nancy Long.
250 ## - EDITION STATEMENT
Edition statement 3rd ed.
260 ## - PUBLICATION, DISTRIBUTION, ETC.
Place of publication, distribution, etc. Englewood Cliffs, N.J. :
Name of publisher, distributor, etc. Prentice Hall,
Date of publication, distribution, etc. c1993.
300 ## - PHYSICAL DESCRIPTION
Extent xxiii, 677 p. :
Other physical details ill. (some col.) ;
Dimensions 26 cm.
500 ## - GENERAL NOTE
General note Includes index.
650 #0 - SUBJECT ADDED ENTRY--TOPICAL TERM
Topical term or geographic name entry element Computers.
650 #0 - SUBJECT ADDED ENTRY--TOPICAL TERM
Topical term or geographic name entry element Electronic data processing.
700 1# - ADDED ENTRY--PERSONAL NAME
Personal name Long, Nancy,
Dates associated with a name 1947-
942 ## - ADDED ENTRY ELEMENTS (KOHA)
Source of classification or shelving scheme Library of Congress Classification
Koha item type Books
Edition 3rd Ed.
Suppress in OPAC No
999 ## -
-- 720
-- 720
Holdings
Withdrawn status Lost status Source of classification or shelving scheme Damaged status Not for loan Collection Home library Current library Shelving location Date acquired Total checkouts Full call number Barcode Date last seen Copy number Price effective from Koha item type
    Library of Congress Classification     Non-fiction Science Library (Miotso) Science Library (Miotso) General stacks 11/06/2024   QA76.5 LON SLM00000374 11/06/2024 1 11/06/2024 Books
    Library of Congress Classification     Non-fiction Science Library (Miotso) Science Library (Miotso) General stacks 11/06/2024   QA76.5 LON SLM00000375 11/06/2024 2 11/06/2024 Books
© 2023-2024 Copyright: Central University Libraries. All Rights Reserved | Created by: Mahone Tech Office